| 000 | 00957nam a22002537a 4500 | ||
|---|---|---|---|
| 005 | 20250123144502.0 | ||
| 008 | 250123b |||||||| |||| 00| 0 eng d | ||
| 020 | _a978-93-6554-999-7 (pbk) | ||
| 037 | _cTB | ||
| 040 |
_aCRL _cCRL |
||
| 041 |
_2hin _ahin |
||
| 084 |
_aO152,3N63,AN R4 _qCRL |
||
| 100 | _aमुंशी, श्यामल | ||
| 245 | _aअंतहीन | ||
| 260 |
_aदिल्ली, भारत: _bऑरेंज बुक पब्लिकेशन्स, _c2024 |
||
| 300 | _a233पृ0 | ||
| 365 |
_b350.00 _cINR |
||
| 650 | _aहिन्दी उपन्यास | ||
| 650 | _aहिन्दी साहित्य | ||
| 653 | _aहिन्दी उपन्यास | ||
| 653 | _aहिन्दी साहित्य | ||
| 942 |
_2CC _cTB _hO152,3N63,AN R4 _n0 |
||
| 999 |
_c1238240 _d1238240 |
||